Velvet Underground Albums Tile Select - Statistics

General Stats
  • This quiz has been taken 55 times
  • The average score is 30 of 36
Answer Stats
Question Tile Select % Correct
the followings songs that are on The Velvet Underground & Nico (1967). Femme Fatale Yes
100%
the followings songs that are on The Velvet Underground & Nico (1967). I Heard Her Call My Name No
100%
the followings songs that are on The Velvet Underground & Nico (1967). I'll Be Your Mirror Yes
100%
the followings songs that are on The Velvet Underground & Nico (1967). Jesus No
100%
the followings songs that are on The Velvet Underground & Nico (1967). Oh! Sweet Nuthin' No
100%
the followings songs that are on The Velvet Underground & Nico (1967). All Tomorrow's Parties Yes
98%
the followings songs that are on The Velvet Underground & Nico (1967). Heroin Yes
98%
the followings songs that are on The Velvet Underground & Nico (1967). Venus in Furs Yes
96%
the followings songs that are on Loaded (1970). Rock & Roll Yes
92%
the followings songs that are on The Velvet Underground & Nico (1967). I'm Waiting for the Man Yes
88%
the followings songs that are on White Light/White Heat (1968). European Son No
87%
the followings songs that are on Loaded (1970). Murder Mystery No
87%
the followings songs that are on The Velvet Underground (1969). New Age No
87%
the followings songs that are on White Light/White Heat (1968). Sister Ray Yes
87%
the followings songs that are on Loaded (1970). Sweet Jane Yes
87%
the followings songs that are on The Velvet Underground (1969). Candy Says Yes
85%
the followings songs that are on White Light/White Heat (1968). Lady Godiva's Operation Yes
85%
the followings songs that are on The Velvet Underground (1969). Sunday Morning No
85%
the followings songs that are on White Light/White Heat (1968). Stephanie Says No
83%
the followings songs that are on Loaded (1970). That's the Story of My Life No
83%
the followings songs that are on The Velvet Underground (1969). I Found a Reason No
81%
the followings songs that are on The Velvet Underground (1969). Pale Blue Eyes Yes
81%
the followings songs that are on White Light/White Heat (1968). Run Run Run No
81%
the followings songs that are on The Velvet Underground (1969). The Black Angel's Death Song No
81%
the followings songs that are on White Light/White Heat (1968). The Gift Yes
81%
the followings songs that are on Loaded (1970). Who Loves the Sun Yes
81%
the followings songs that are on Loaded (1970). After Hours No
79%
the followings songs that are on White Light/White Heat (1968). Lisa Says No
77%
the followings songs that are on Loaded (1970). Lonesome Cowboy Bill Yes
77%
the followings songs that are on White Light/White Heat (1968). There She Goes Again No
77%
the followings songs that are on The Velvet Underground (1969). What Goes On Yes
77%
the followings songs that are on Loaded (1970). Some Kinda Love No
75%
the followings songs that are on The Velvet Underground (1969). Beginning to See the Light Yes
69%
the followings songs that are on The Velvet Underground (1969). I'm Set Free Yes
69%
the followings songs that are on White Light/White Heat (1968). Here She Comes Now Yes
65%
the followings songs that are on Loaded (1970). Head Held High Yes
62%
No matching quizzes found
Score Distribution
Percent of People with Each Score
Percentile by Number Answered
Your Score History
You have not taken this quiz